| Record ID | ia:knockingdownwall0001rosl |
| Source | Internet Archive |
| Download MARC XML | https://archive.org/download/knockingdownwall0001rosl/knockingdownwall0001rosl_marc.xml |
| Download MARC binary | https://www.archive.org/download/knockingdownwall0001rosl/knockingdownwall0001rosl_meta.mrc |
LEADER: 01688cam 2200505Ma 4500
001 ocn872988106
003 OCoLC
005 20210420042715.0
008 140128r20142013enka 001 0aeng d
040 $aUKMGB$beng$cUKMGB$dOCLCO$dYDXCP$dOCLCQ$dOCLCF$dUKMGB$dOCL
015 $aGBB430008$2bnb
016 7 $a016650915$2Uk
019 $a922510387
020 $a9781908695826$q(pbk.)
020 $a190869582X$q(pbk.)
020 $a9781908695222
020 $a1908695226
035 $a(OCoLC)872988106$z(OCoLC)922510387
043 $ae-gx---
082 04 $a796.334092$223
100 1 $aRösler, Uwe,$eauthor.
245 10 $aKnocking down walls :$bmy autobiography /$cUwe Rosler.
264 1 $aLiverpool :$bTrinity Mirror Sport Media,$c2014.
300 $apages cm
336 $atext$btxt$2rdacontent
336 $astill image$bsti$2rdacontent
337 $aunmediated$bn$2rdamedia
338 $avolume$bnc$2rdacarrier
500 $aOriginally published: 2013.
500 $aIncludes index.
600 10 $aRösler, Uwe.
650 0 $aSoccer players$zGermany$vBiography.
650 0 $aSoccer managers$zGermany$vBiography.
650 0 $aCancer$xPatients$zGermany$vBiography.
650 7 $aCancer$xPatients.$2fast$0(OCoLC)fst00845411
650 7 $aSoccer managers.$2fast$0(OCoLC)fst01122204
650 7 $aSoccer players.$2fast$0(OCoLC)fst01122208
651 7 $aGermany.$2fast$0(OCoLC)fst01210272
655 7 $aBiographies.$2fast$0(OCoLC)fst01919896
938 $aYBP Library Services$bYANK$n11466842
029 1 $aUKDEL$b134057473
029 1 $aUNITY$b134057473
029 1 $aUKMGB$b016650915
994 $aZ0$bP4A
948 $hNO HOLDINGS IN P4A - 27 OTHER HOLDINGS